[Event "AUTO-OPEN-4454"]
[Site "http://www.queenalice.com/game.php?id=1814544"]
[Date "2023.6.21"]
[Round "1"]
[White "EdBrazil"]
[Black "TammieM3ENF"]
[Result "1-0"]
[WhiteElo "1441"]
[BlackElo "1122"]

1. e4 e5 2. Nf3 d5 3. Nxe5 f6 4. Qh5+ g6 5. Nxg6 hxg6 6. Qxh8 c5 7. Qxg8 Kd7 8.
Qxd5+ Ke8 9. Qg8 b6 10. Qxg6+ Kd7 11. Nc3 Nc6 12. Nd5 Nb4 13. Bb5+ Nc6 14. Qf7+
Be7 15. Nxf6+ Kc7 16. Nd5+ Kb8 17. Bxc6 a5 18. Nxe7 Bd7 19. Bxa8 Kxa8 20. Qd5+
Ka7 21. Nc6+ Bxc6 22. Qxd8 Ka6 23. b3 a4 24. c4 axb3 25. Qc8+ Ka5 26. axb3+ Kb4
27. Qh3 Bxe4 28. Qc3# 1-0

[Event "AUTO-OPEN-4454"]
[Site "http://www.queenalice.com/game.php?id=1814561"]
[Date "2023.6.21"]
[Round "1"]
[White "andrevillares"]
[Black "EdBrazil"]
[Result "1-0"]
[WhiteElo "2103"]
[BlackElo "1513"]

1. d4 d5 2. c4 b6 3. Nc3 dxc4 4. e4 Ba6 5. Qa4+ b5 6. Nxb5 Bxb5 7. Qxb5+ Nd7 8.
Bxc4 Nf6 9. e5 Nh5 10. e6 fxe6 11. Qxh5+ g6 12. Qf3 Bg7 13. Bxe6 Rf8 14. Bxd7+
Qxd7 15. Qd3 Bxd4 16. Nf3 Bxf2+ 17. Ke2 Qxd3+ 18. Kxd3 1-0

[Event "AUTO-OPEN-4454"]
[Site "http://www.queenalice.com/game.php?id=1814562"]
[Date "2023.6.21"]
[Round "1"]
[White "EdBrazil"]
[Black "andrevillares"]
[Result "0-1"]
[WhiteElo "1515"]
[BlackElo "2102"]

1. d4 Nf6 2. f3 d5 3. e3 c5 4. b3 Nc6 5. dxc5 Qa5+ 6. Bd2 Qxc5 7. Bc3 e5 8. Bd3
Qxe3+ 9. Ne2 Bc5 10. Qd2 Qf2+ 11. Kd1 Be3 12. Qe1 Qxg2 13. Qf1 Qxf1+ 14. Rxf1
Bh3 15. Rg1 O-O 16. Ng3 Bxg1 17. Ne2 Bxh2 18. Nd2 d4 0-1

[Event "AUTO-INT-3823"]
[Site "http://www.queenalice.com/game.php?id=1814663"]
[Date "2023.6.22"]
[Round "1"]
[White "contato"]
[Black "EdBrazil"]
[Result "1-0"]
[WhiteElo "1808"]
[BlackElo "1464"]

1. e4 e5 2. Nf3 d6 3. Bc4 Be7 4. d4 c6 5. dxe5 dxe5 6. Qxd8+ Bxd8 7. Nxe5 Nf6 8.
O-O Nxe4 9. Re1 Bf5 10. Bxf7+ Ke7 11. f3 Kf6 12. fxe4 Bc8 13. Bf4 Nd7 14. Nxd7+
Bxd7 15. Bb3 Bb6+ 16. Kh1 Rae8 17. e5+ Kf5 18. g3 Kg6 19. Nd2 Bd4 20. c3 Bc5 21.
Nf3 1-0

[Event "AUTO-INT-3823"]
[Site "http://www.queenalice.com/game.php?id=1814664"]
[Date "2023.6.22"]
[Round "1"]
[White "EdBrazil"]
[Black "contato"]
[Result "0-1"]
[WhiteElo "1466"]
[BlackElo "1806"]

1. d4 d5 2. e3 Nf6 3. f4 e6 4. Nf3 Bd6 5. Bd3 O-O 6. Ng5 h6 7. Ne4 Nxe4 8. Bxe4
dxe4 9. Nc3 f5 10. g4 fxg4 11. Nxe4 h5 12. Ng3 g6 13. Ne4 b6 14. Bd2 Bb7 15. Ng5
Bc8 16. h3 gxh3 17. Qf3 c6 18. O-O-O Qc7 19. Qe4 Qd7 20. Rxh3 Kg7 21. Bc3 Kh6
0-1

[Event "AUTO-INT-3823"]
[Site "http://www.queenalice.com/game.php?id=1814679"]
[Date "2023.6.22"]
[Round "1"]
[White "altair"]
[Black "EdBrazil"]
[Result "0-1"]
[WhiteElo "1677"]
[BlackElo "1494"]

1. e4 e5 2. d3 d6 3. h3 c5 4. c4 Nc6 5. Nc3 Be6 6. Nf3 h6 7. Be2 Be7 8. O-O Nd4
9. a3 Nxf3+ 10. Bxf3 Bg5 11. Bxg5 Qxg5 12. g4 h5 13. Be2 Nf6 14. Nb5 Kd7 15. f4
Qh4 16. Bf3 Qxh3 17. f5 Qg3+ 18. Bg2 Nxg4 19. Rf3 Qh2+ 20. Kf1 Rhf8 21. fxe6+
fxe6 22. Nc3 Ne3+ 23. Kf2 Ng4+ 24. Ke2 Qxg2+ 25. Ke1 Qh1+ 26. Kd2 Qg2+ 27. Ne2
Rxf3 28. Kc3 Nf2 29. Qa4+ Ke7 30. Rg1 Rxd3+ 31. Kc2 Qxe4 32. Nc3 Qh7 33. Kb3 Ne4
34. Rc1 Nd2+ 35. Ka2 Rxc3 36. bxc3 Qd3 37. Rd1 Qxc4+ 38. Qxc4 Nxc4 39. Rg1 Kf7
40. Rh1 g6 41. Rh4 d5 42. a4 e4 43. Rf4+ Kg7 44. Kb3 Nd2+ 45. Kc2 Nc4 46. Rf2
Rf8 47. Rg2 e3 48. Kd1 Rf5 49. Ke2 Rf2+ 50. Rxf2 exf2 51. Kxf2 e5 52. Kf3 Nd2+
0-1

[Event "AUTO-INT-3823"]
[Site "http://www.queenalice.com/game.php?id=1814680"]
[Date "2023.6.22"]
[Round "1"]
[White "EdBrazil"]
[Black "altair"]
[Result "1-0"]
[WhiteElo "1508"]
[BlackElo "1659"]

1. d4 d5 2. e3 e6 3. f4 f5 4. Nf3 Nf6 5. Bd3 a6 6. Bd2 Nc6 7. a3 Be7 8. Ne5 Bd7
9. Nc3 O-O 10. Ne2 Ne4 11. Ng3 Bh4 12. Qh5 Bxg3+ 13. hxg3 h6 14. Bxe4 fxe4 15.
Rh4 Nxe5 16. dxe5 Be8 17. Qg4 h5 18. Qxe6+ Bf7 19. Qh3 g6 20. e6 Be8 21. Bb4 Rf6
22. f5 g5 23. Rxh5 Bxh5 24. Qxh5 c5 25. Qxg5+ Kf8 26. Bxc5+ Ke8 27. Qh5+ 1-0

[Event "AUTO-INT-3823"]
[Site "http://www.queenalice.com/game.php?id=1814691"]
[Date "2023.6.22"]
[Round "1"]
[White "EdBrazil"]
[Black "Capixabba789"]
[Result "1-0"]
[WhiteElo "1415"]
[BlackElo "1662"]

1. d4 d5 2. e3 Nc6 3. f4 e6 4. Nf3 Nf6 5. Bd3 Bd6 6. Nc3 O-O 7. Bd2 Ne7 8. Ne5
Ng6 9. f5 exf5 10. Qf3 Bxe5 11. Bxf5 Bxf5 12. dxe5 Bg4 13. Qg3 Nxe5 14. Qxe5 Be6
15. O-O-O Re8 16. Qg3 c5 17. Ne2 b5 18. h4 a5 19. h5 Ne4 20. Qf3 Nxd2 21. Rxd2
c4 22. c3 Qc8 23. h6 Bg4 24. Qg3 f5 25. Nf4 Ra6 26. hxg7 Qc7 27. Nh5 Rg6 28.
Qxc7 1-0

[Event "AUTO-INT-3823"]
[Site "http://www.queenalice.com/game.php?id=1814692"]
[Date "2023.6.22"]
[Round "1"]
[White "Capixabba789"]
[Black "EdBrazil"]
[Result "1-0"]
[WhiteElo "1631"]
[BlackElo "1423"]

1. e4 e5 2. f4 g6 3. Nf3 d6 4. Bc4 exf4 5. d4 Bg4 6. Bxf4 Qe7 7. O-O Qxe4 8. Re1
Bxf3 9. gxf3 Qxe1+ 10. Qxe1+ Be7 11. Nc3 Nc6 12. Nd5 O-O-O 13. Nxe7+ Ngxe7 14.
Bxf7 Nd5 15. Bxd5 Nxd4 16. Qb4 b6 17. Qxd4 1-0

[Event "AUTO-OPEN-4455"]
[Site "http://www.queenalice.com/game.php?id=1814823"]
[Date "2023.6.25"]
[Round "1"]
[White "EdBrazil"]
[Black "grotegeest"]
[Result "0-1"]
[WhiteElo "1494"]
[BlackElo "2848"]

1. d4 Nf6 2. e3 g6 3. f4 Bg7 4. Nf3 O-O 5. Bd3 c5 6. Bd2 cxd4 7. exd4 Nc6 8. Nc3
d6 9. Qe2 Bg4 10. h3 Nxd4 11. Qe3 Bxf3 12. gxf3 Nh5 13. f5 Ng3 14. Rg1 Ngxf5 0-1

[Event "AUTO-OPEN-4455"]
[Site "http://www.queenalice.com/game.php?id=1814824"]
[Date "2023.6.25"]
[Round "1"]
[White "grotegeest"]
[Black "EdBrazil"]
[Result "1-0"]
[WhiteElo "2872"]
[BlackElo "1517"]

1. e4 e5 2. f4 g6 3. Nc3 d6 4. fxe5 dxe5 5. Nf3 Nc6 6. Bc4 Bc5 7. Nd5 Bg4 8. c3
Qd7 9. b4 Be7 10. O-O Nh6 11. d4 Bxf3 12. Qxf3 1-0

[Event "AUTO-OPEN-4455"]
[Site "http://www.queenalice.com/game.php?id=1814825"]
[Date "2023.6.25"]
[Round "1"]
[White "EdBrazil"]
[Black "SGF"]
[Result "1-0"]
[WhiteElo "1478"]
[BlackElo "1686"]

1. d4 e6 2. e3 Qf6 3. f4 d5 4. Nf3 h6 5. Bd3 Nc6 6. a3 Be7 7. Bd2 a5 8. Ne5 Nxe5
9. fxe5 Qh4+ 10. g3 Qh3 11. Qf3 Bh4 12. Bf1 Qf5 13. Qxf5 Bxg3+ 14. hxg3 Ne7 15.
Qg4 g5 16. Nc3 c6 17. Rh5 Nf5 18. Qh3 b5 19. e4 Nxd4 20. O-O-O dxe4 21. Bxg5 c5
22. Bxb5+ Bd7 23. Bf6 Rh7 24. Rxh6 Bxb5 25. Nxb5 Rxh6 26. Nd6+ Kd7 27. Qxh6 Ne2+
28. Kb1 Nxg3 29. Nxe4+ Kc6 30. Rd6+ Kb5 31. Nc3+ Kc4 32. Qf4+ Ne4 33. Qxe4# 1-0

[Event "AUTO-OPEN-4455"]
[Site "http://www.queenalice.com/game.php?id=1814826"]
[Date "2023.6.25"]
[Round "1"]
[White "SGF"]
[Black "EdBrazil"]
[Result "0-1"]
[WhiteElo "1647"]
[BlackElo "1502"]

1. e4 e5 2. Qf3 d6 3. d3 Be7 4. Be2 c5 5. Qg3 Bf6 6. h4 g6 7. h5 Nc6 8. hxg6
hxg6 9. Rxh8 Bxh8 10. Bg5 f6 11. Qh4 Bg7 12. Qh7 Kf7 13. Bh4 Nd4 14. Kd2 Nh6 15.
Nc3 Qa5 16. Nf3 Bg4 17. Nxd4 Rh8 18. Qxh8 Bxh8 19. Nb5 Ke6 20. Bxg4+ Nxg4 21. f3
Nh6 22. g4 c4 23. dxc4 Qb4 24. b3 Qc5 25. a4 f5 26. gxf5+ gxf5 27. Bg5 f4 28.
Bxh6 a6 29. Na3 Qe3+ 30. Kd1 Qxc3 31. Rb1 Qxf3+ 32. Kd2 Qe3+ 33. Kd1 Bf6 34. Rb2
Bh4 35. Nb1 Qe1# 0-1

[Event "AUTO-OPEN-4455"]
[Site "http://www.queenalice.com/game.php?id=1814827"]
[Date "2023.6.25"]
[Round "1"]
[White "EdBrazil"]
[Black "landrov"]
[Result "0-1"]
[WhiteElo "1494"]
[BlackElo "2002"]

1. d4 Nf6 2. e3 g6 3. f4 Bg7 4. Nf3 O-O 5. Nc3 d5 6. Bd3 b6 7. Bd2 Bb7 8. O-O c5
9. dxc5 bxc5 10. f5 Nbd7 11. Ng5 Ne5 12. Ne6 fxe6 13. fxg6 Nxg6 14. Be2 e5 15.
Rf5 d4 16. Nb5 a6 17. Na3 e6 18. Rg5 Ne4 19. Rxg6 hxg6 20. Nc4 Qg5 21. exd4 Nxd2
22. Nxd2 Qxg2# 0-1

[Event "AUTO-OPEN-4455"]
[Site "http://www.queenalice.com/game.php?id=1814828"]
[Date "2023.6.25"]
[Round "1"]
[White "landrov"]
[Black "EdBrazil"]
[Result "1-0"]
[WhiteElo "2174"]
[BlackElo "1496"]

1. e4 e5 2. Nf3 d6 3. d4 Nf6 4. Nc3 Be7 5. dxe5 dxe5 6. Qxd8+ Bxd8 7. Nxe5 O-O
8. Bc4 Be6 9. Bxe6 fxe6 10. O-O c6 11. Be3 Na6 12. f3 Nb4 13. Bc5 Re8 14. Bxb4
Bb6+ 15. Kh1 Bd4 16. Nd3 a5 17. Bc5 Bxc3 18. bxc3 Nd7 19. Bd6 Nb6 20. Nb2 Nc8
21. e5 Ra6 22. Rfd1 Na7 23. c4 Rb6 24. Na4 Rb2 25. Nxb2 b6 26. Bc7 1-0

[Event "AUTO-INT-3825"]
[Site "http://www.queenalice.com/game.php?id=1815634"]
[Date "2023.7.4"]
[Round "1"]
[White "altair"]
[Black "EdBrazil"]
[Result "1-0"]
[WhiteElo "1740"]
[BlackElo "1445"]

1. e4 e5 2. Nf3 d6 3. h3 h6 4. Nc3 c5 5. Bc4 Nc6 6. d3 Be7 7. Nd5 Na5 8. O-O
Nxc4 9. dxc4 Bh4 10. a3 Nf6 11. Nxh4 Nxd5 12. Nf5 Bxf5 13. Qxd5 Qd7 14. f4 Be6
15. Qd3 O-O 16. f5 g5 17. fxe6 Qxe6 18. b4 g4 19. h4 Qg6 20. g3 a6 21. bxc5 dxc5
22. Qd5 Rad8 23. Qxb7 Rd4 24. Re1 Rxc4 25. Re2 Qf6 26. Bb2 Qf3 27. Rg2 Rxe4 28.
Rf1 Qe3+ 29. Kh2 f5 30. Qd5+ Kg7 31. Bc1 Qc3 32. Qd7+ Rf7 33. Bxh6+ Kg6 34. Qe6+
Rf6 35. Rxf5 Rxe6 36. Bd2 Qxc2 37. Rg5+ Kh6 38. Rxe5+ Kg6 39. h5+ Kh7 40. Rd5
Rc4 41. Rf2 Kg7 42. Rd7+ Kg8 43. Rd8+ Kg7 44. Bh6+ 1-0

[Event "AUTO-INT-3825"]
[Site "http://www.queenalice.com/game.php?id=1815635"]
[Date "2023.7.4"]
[Round "1"]
[White "EdBrazil"]
[Black "altair"]
[Result "0-1"]
[WhiteElo "1505"]
[BlackElo "1619"]

1. d4 d5 2. e3 e6 3. f4 a6 4. Nf3 Nc6 5. a3 Nf6 6. Bd2 Be7 7. Be2 h6 8. Ne5 Nxe5
9. Bh5 Nxh5 10. Qxh5 Nc4 11. Bc1 O-O 12. O-O f6 13. Rf3 Qe8 14. Rh3 Qxh5 15.
Rxh5 e5 16. dxe5 Bg4 17. exf6 Bxh5 18. fxe7 Rfe8 19. b3 Nd6 20. Nc3 c6 21. a4
Rxe7 22. Ba3 Rd8 23. Bc5 Bg6 24. Rc1 Ree8 25. g4 Ne4 26. f5 Bf7 27. Bd4 Nxc3 28.
Bxc3 Rxe3 29. f6 Rxc3 30. g5 hxg5 31. fxg7 Kxg7 32. Kf2 Bg6 33. Re1 Rxc2+ 34.
Ke3 Re8+ 0-1

[Event "AUTO-INT-3825"]
[Site "http://www.queenalice.com/game.php?id=1815650"]
[Date "2023.7.4"]
[Round "1"]
[White "zubarev"]
[Black "EdBrazil"]
[Result "1-0"]
[WhiteElo "1800"]
[BlackElo "1469"]

1. a3 c5 2. Nc3 e5 3. d3 d6 4. Nf3 h6 5. e4 Nc6 6. Be3 Nf6 7. Be2 Be7 8. O-O Ng4
9. Bd2 Bg5 10. h3 Bxd2 11. Qxd2 Nf6 12. Nd5 Nxd5 13. exd5 Ne7 14. c4 Bd7 15. b4
Ba4 16. bxc5 dxc5 17. Nxe5 f6 18. Bh5+ g6 19. Nxg6 Nxg6 20. Bxg6+ Kf8 21. Rfe1
Kg7 22. Bf5 Bd7 23. Be6 Bc8 24. Bxc8 Qxc8 25. Re3 Qc7 26. Rg3+ Kf7 27. Re1 h5
28. Qe3 Rae8 29. Qd2 h4 30. Rxe8 1-0

[Event "AUTO-INT-3825"]
[Site "http://www.queenalice.com/game.php?id=1815651"]
[Date "2023.7.4"]
[Round "1"]
[White "EdBrazil"]
[Black "zubarev"]
[Result "0-1"]
[WhiteElo "1474"]
[BlackElo "1738"]

1. d4 d5 2. e3 Nf6 3. f4 e6 4. Nf3 Bd6 5. Bd3 Ne4 6. Nbd2 f5 7. Nb3 Bd7 8. Na5
b6 9. Nb7 Qe7 10. Ng5 Bc6 11. Nxd6+ cxd6 12. Qh5+ Kd7 13. Nf7 Rf8 14. Bxe4 Rxf7
15. Bd3 a6 16. Qxh7 g5 17. Qh5 gxf4 18. b3 Kc7 19. Qh8 Nd7 20. Qh5 fxe3 21. Bxe3
Rg8 22. Rg1 Nf6 23. Qh4 Ne4 24. Qxe7+ Rxe7 25. Bxa6 b5 26. a4 Kb6 27. Bxb5 Bxb5
28. axb5 Kxb5 29. Bf4 Rc8 30. Ra2 Rc3 0-1

[Event "AUTO-INT-3825"]
[Site "http://www.queenalice.com/game.php?id=1815660"]
[Date "2023.7.4"]
[Round "1"]
[White "ajr"]
[Black "EdBrazil"]
[Result "1-0"]
[WhiteElo "1660"]
[BlackElo "1492"]

1. d4 Nf6 2. Nc3 c6 3. Nf3 h6 4. e4 Qa5 5. h3 Nxe4 6. Qd3 Nxc3 7. Qxc3 Qxc3+ 8.
bxc3 d5 9. Bf4 Bf5 10. O-O-O e6 11. Bxb8 Rxb8 12. Bd3 Ba3+ 13. Kd2 c5 14. Bxf5
exf5 15. Rhe1+ Kf8 16. Re5 Rd8 17. Rxf5 c4 18. Ne5 Rh7 19. Rxf7+ Kg8 20. Rxb7 g5
21. Rxh7 Kxh7 22. Nc6 1-0

[Event "AUTO-INT-3825"]
[Site "http://www.queenalice.com/game.php?id=1815661"]
[Date "2023.7.4"]
[Round "1"]
[White "EdBrazil"]
[Black "ajr"]
[Result "0-1"]
[WhiteElo "1483"]
[BlackElo "1669"]

1. d4 d5 2. e3 Nf6 3. f4 Bg4 4. Be2 Bxe2 5. Nxe2 e6 6. Bd2 Nc6 7. a3 a5 8. Nec3
Qd7 9. Qe2 Na7 10. O-O h5 11. a4 b6 12. Na3 Bxa3 13. Rxa3 Nc6 14. Rf3 Nb4 15.
Rg3 g6 16. Nb5 Nxc2 17. Rc3 c6 18. Na3 Nxa3 19. bxa3 Ne4 20. f5 Nxg3 21. Qd3
Nxf5 22. Rb3 Rb8 0-1